MDQL
is popping MORE tags! Check the
thread
!
Quizzes
Events
Quiz Creation
Community
Videos
Private Events
Remove Ads
Sign In
Join for FREE
Feedback
Dark Mode
Quiz Categories
Sports
Geography
Music
Movies
Television
Just For Fun
Miscellaneous
History
Literature
Language
Science
Gaming
Entertainment
Religion
Holiday
For Kids
Quiz Lab
Recent
Popular Today
Quiz Kudos Today
Editor Picks
Curator Picks
Quizzes by...
Day
Popularity
Type
Ratings
Length
Year
Community
Subscriptions
Recent Discussions
Orange Saloon
Badges
Playlists
Quests
Create
Leaderboards
Showdown
Live 5
Trivia Bingo
Activity
Puzzle Library
Sporcle Events
Private Events
Virtual Trivia
Globe League
Become a Host
Pub Owners
SporcleCon
Opinionation
Our Games
Videos
Blog
Mobile Apps
Partnerships
Remove Ads and Go Orange
Feedback
Literature
Harry Potter
A Song of Ice and Fire
The Hunger Games
Literary Character
Shakespeare
Book
Author
Novel
Poem
Young Adult
Children's Books
Play
Lord of the Rings
Literature
Harry Potter
A Song of Ice and Fire
The Hunger Games
Literary Character
Shakespeare
Book
Author
Novel
Poem
Young Adult
Children's Books
Play
Lord of the Rings
Random Quiz
Search Sporcle
×
Quiz Lab
Quiz Lab
Literature
Novel
Type in answers that appear in a list
Type in answers that appear in a list
Classic
Best Score? Go Orange.
Famous Novels Stats
Can you name the Famous Novels?
By
ginger10105
15m
27 Questions
187 Plays
187 Plays
187 Plays
Comments
Comments
Give Quiz Kudos
Give Quiz Kudos
-
- Ratings
hide this ad
Replay
Link that replays current quiz
Next Quiz
Link to next quiz in quiz playlist
You Got
0%
They Got
Avg Score
74%
Avg Friend Score
Upgrade to see
Score Distribution
Jump to the score distribution portion of the page
Score
0/27
Timer
15:00
0
Plays Today
Quote, Setting, Character, Symbols
Title
% Correct
Boo Radley
To Kill a Mockingbird
94.1%
''My precious''
The Lord of the Rings
93%
Big Brother
1984
92.5%
The Roaring 20s
The Great Gatsby
90.9%
Napoleon
Animal Farm
86.6%
''Call me Ishmael.''
Moby-Dick
86.3%
''Phony''
The Catcher in the Rye
85.6%
Russian Empire
War and Peace
85.2%
Conch Shell
Lord of the Flies
84%
''It was the best of times, it was the worst of times''
A Tale of Two Cities
84%
The Great Depression
The Grapes of Wrath
82.9%
Manners
Pride and Prejudice
81.3%
Cuban Fisherman
The Old Man and the Sea
78.1%
Pip
Great Expectations
77.5%
Quote, Setting, Character, Symbols
Title
% Correct
Pedophilia
Lolita
75.9%
Martians
The War of the Worlds
74.7%
English Orphan
Jane Eyre
74.2%
1904 Dublin
Ulysses
73.8%
Spanish Chivalry
Don Quixote
73.1%
Soma
Brave New World
72.7%
Dilemma
Catch-22
71.7%
The Mississippi RIver
Adventures of Huckleberry Finn
68.1%
''It was a pleasure to burn.''
Fahrenheit 451
65.4%
''Who is John Galt?''
Atlas Shrugged
56.7%
''Stay Golden Ponyboy''
The Outsiders
52.4%
Southern Aristocracy
The Sound and the Fury
48.9%
Packingtown
The Jungle
45.1%
Quiz Playlist
Details
Report
Send in Message
Add To Playlist
Classic:
Type in answers that appear in a list
Last Updated: Feb 16, 2017
Quiz Scoreboard
CHALLENGE
Sign Up to Join the Scoreboard
Show All
Scores
Hide
Comments
May contain spoilers
Recently Published
Two Season TV Shows II
by 123Four
Television
10m
Image Sorting: Flags VI
by Barbecue
Geography
2m
Find the 'City' Movie
by crazypaving
Movies
60s
More to Explore
Quiz From the Vault
Featured Blog Post
14 Easter Pick-up Lines to Find Eggs With
hide this ad
You Might Also Like...
Tags
Book Quiz
Literary Character Quiz
Novel Quiz
Novella
Today's Top Quizzes in Literature
Browse Literature
hide this ad
Today's Top Quizzes in Novel
Browse Novel
Top Contributed Quizzes in Literature
1
Sneaky Slytherin Logic Puzzle
2
Criteria Quiz: Harry Potter Deaths
3
Harry Potter logic puzzle: The Hogwarts Soap Opera
4
Weasley Family Reunion: Logic Puzzle
5
Get The Picture: Black or White Literature
6
'Middle' Earth
7
Harry Potter Slytherin Logic Puzzle
8
Logic Puzzle: Avoid Dumbledore's Army
9
ASOIAF Siblings Logic Puzzle
10
The Men of ASOIAF - Logic Puzzle (Hard)
Explore More
Trending Topics
NBA
Marvel
Crossword
Harry Potter
Disney
Anime
Kpop
NFL
Pokémon
The Office
Puzzle
Soccer
Song
WWE
Country
hide this ad
More By:
ginger10105
Quiz
Plays
Rating
Category
Featured
Created
Famous Novels
187
2.67
Literature
May 12, 2012
Go to Creator's Profile
Score Distribution
Quiz Creator Spotlight
ginger10105
Follow
Send a Message
Quizzes Created
-
Created Quiz Play Count
-
More By This Creator
Popular Quizzes Today
1
Find the US States - No Outlines Minefield
2
Colored Red Africa Blitz
3
Find the 'City' Movie
4
5x2 Blitz: Bands
5
The Countries of the World
6
Find the Countries of Europe - No Outlines Minefield
7
Find the US States
8
US States
More Literature Quizzes
Literature Image Timeline
Published
Trending Quizzes
Colored Red Europe Blitz I
Colored Red Africa Blitz II
Colored Red Europe Blitz II
Colored Red Africa Blitz III
Even More Two Season TV Shows
Recently Updated
March Madness Men's Triple Doubles
pecheneg
How Do You Spell That?
pecheneg
Godzilla Movies
pecheneg
Grab Bag: 4-10 Letters
pecheneg
2024 March Madness Bracket
pecheneg
Famous TV Couples
Peacemaker
Champions League XIs: Real Madrid
pecheneg
Largest US Cities 1790-2010
pecheneg
Rides in Walt Disney World
pecheneg
Most Oscar Losses (Acting)
pecheneg
Trending Topics
Kpop
NBA
Anime
Marvel
Crossword
Harry Potter
Disney
Pokémon
NFL
WWE
Country
Song
The Office
Soccer
Puzzle
Your Account Isn't Verified!
In order to create a playlist on Sporcle, you need to verify the email address you used during registration. Go to your
Sporcle Settings
to finish the process.
Report this User
Report this user for behavior that violates our
Community Guidelines
.
Details:
Send Report
Go to the Sporcle.com Mobile Site →
Comments